[Event "Frankfurt Ch 2011"]
[Site "CTTC, Bad Soden"]
[Date "2011.06.05"]
[Round "5.1"]
[White "Khenkin, Igor"]
[Black "Poetsch, Hagen"]
[Result "1-0"]
[WhiteElo "2625"]
[BlackElo "2415"]
[PlyCount "105"]
[EventDate "2011.??.??"]
[WhiteTeam "Wiesbadener SV 1885"]
[BlackTeam "Sfr. Schöneck"]

1. d4 Nf6 2. c4 e6 3.
Nc3 Bb4 4. Qc2 O-O 5. a3 Bxc3+ 6. Qxc3 d5 7. Nf3 dxc4 8. Qxc4 b6 9. Bg5 Ba6 10.
Qa4 Bb7 11. e3 Nbd7 12. Ne5 a6 13. Nc6 Qe8 14. Bxf6 Nxf6 15. Rc1 e5 16. dxe5
Bxc6 17. Qxc6 Qxe5 18. b4 Rfd8 19. Be2 Qb2 20. Qc3 Qxc3+ 21. Rxc3 Nd5 22. Rc4
c5 23. Bf3 cxb4 24. axb4 Rab8 25. O-O a5 26. bxa5 bxa5 27. Rc5 Nb6 28. h4 a4
29. Ra1 Rd3 30. Ra5 Rb3 31. Rc1 Rb4 32. h5 Nc4 33. Ra7 Kf8 34. Bd5 Nd6 35. e4
Rb1 36. Rxb1 Rxb1+ 37. Kh2 Re1 38. Rxa4 f5 39. Ra8+ Ke7 40. Ra7+ Kf6 41. Rd7
fxe4 42. Rxd6+ Ke5 43. Re6+ Kxd5 44. Re7 Rf1 45. Rxg7 Rxf2 46. Rxh7 e3 47. Re7
e2 48. Kg3 Rf5 49. Rxe2 Rxh5 50. Kf4 Rh8 51. Re5+ Kd6 52. g4 Rf8+ 53. Rf5 1-0

[Event "Frankfurt Ch 2011"]
[Site "Ffm-Kalbach, LAZ"]
[Date "2011.05.30"]
[Round "5.2"]
[White "Stockmann, Michael"]
[Black "Telljohann, Sven"]
[Result "1/2-1/2"]
[WhiteElo "2255"]
[BlackElo "2415"]
[PlyCount "32"]
[EventDate "2011.??.??"]
[WhiteTeam "Sfr. Schöneck"]
[BlackTeam "Sfr. Schöneck"]

1. d4 d5 2. c4 c6 3. cxd5 cxd5 4. Nc3 Nf6 5. Bf4 Nc6 6. e3 e6 7. Bd3 Bd6 8.
Nge2 O-O 9. O-O e5 10. dxe5 Bxe5 11. Bxe5 Nxe5 12. Nd4 Bg4 13. Be2 Bxe2 14.
Qxe2 Qd7 15. h3 Rac8 16. Rfd1 Rfd8 1/2-1/2

[Event "Frankfurt Ch 2011"]
[Site "Ffm-Kalbach, LAZ"]
[Date "2011.05.30"]
[Round "5.3"]
[White "Reschke, Stefan"]
[Black "Zude, Erik"]
[Result "1/2-1/2"]
[WhiteElo "2369"]
[BlackElo "2409"]
[PlyCount "41"]
[EventDate "2011.??.??"]
[WhiteTeam "VSG 1880 Offenbach"]
[BlackTeam "SV 1920 Hofheim"]

1. b3 c5 2. Bb2 d6 3. e3 Nf6 4. d4 cxd4 5. exd4 g6 6. Bd3 Bg7 7. Nf3 O-O 8. O-O
Nc6 9. Re1 Bg4 10. h3 Bxf3 11. Qxf3 Rc8 12. Nd2 Nb4 13. c3 Nxd3 14. Qxd3 d5 15.
a4 Rc7 16. Ba3 Re8 17. Qe3 a5 18. Rac1 Qd7 19. Bc5 Rc6 20. Ba3 b6 21. Nf3
1/2-1/2

[Event "Frankfurt Ch 2011"]
[Site "Ffm-Kalbach, LAZ"]
[Date "2011.05.30"]
[Round "5.4"]
[White "Uwira, Oliver"]
[Black "Milov, Leonid"]
[Result "1/2-1/2"]
[WhiteElo "2244"]
[BlackElo "2541"]
[PlyCount "50"]
[EventDate "2011.??.??"]
[WhiteTeam "SC 1961 König Nied"]
[BlackTeam "SC Noris-Tarrasch Nürnberg 1873"]

1. d4 Nf6 2. Bg5 Ne4 3. Bf4 d5 4. e3 c5 5. Bd3 Nf6 6. c3 Nc6 7. Nd2 Bg4 8. Ngf3
e6 9. h3 Bh5 10. Qa4 a6 11. Ne5 c4 12. Nxc6 Qd7 13. Bc2 bxc6 14. b3 cxb3 15.
axb3 Bg6 16. Bxg6 hxg6 17. b4 Bd6 18. Bxd6 Qxd6 19. Nf3 Ne4 20. Qb3 g5 21. Ke2
O-O 22. Ra5 Rfb8 23. Rha1 Rb6 24. Qc2 f6 25. Kf1 Qc7 1/2-1/2

[Event "Frankfurt Ch 2011"]
[Site "Ffm-Kalbach, LAZ"]
[Date "2011.05.30"]
[Round "5.5"]
[White "Zuyev, Igor"]
[Black "Schramm, Christian"]
[Result "1/2-1/2"]
[WhiteElo "2348"]
[BlackElo "2340"]
[PlyCount "111"]
[EventDate "2011.??.??"]
[WhiteTeam "SC Heusenstamm"]
[BlackTeam "SC 1959 Obernau"]

1. e4 e6 2. d4 d5 3. Nc3 Nc6 4. exd5 exd5 5. Nf3 Bb4 6. Bd3 Nge7 7. a3 Bxc3+ 8.
bxc3 Bf5 9. O-O O-O 10. Rb1 b6 11. Bf4 Qd7 12. Re1 Bxd3 13. Qxd3 Ng6 14. Bg3
Na5 15. Nd2 Rad8 16. h4 Ne7 17. Re2 Nf5 18. Rbe1 h6 19. h5 Nxg3 20. Qxg3 Rfe8
21. Rxe8+ Rxe8 22. Rxe8+ Qxe8 23. Qxc7 Qe1+ 24. Nf1 Nc4 25. Qd8+ Kh7 26. Qxd5
Nd2 27. Qb5 Nxf1 28. Qxf1 Qxc3 29. Qd3+ Qxd3 30. cxd3 Kg8 31. f3 f5 32. Kf2 f4
33. g3 Kf7 34. d5 Ke7 35. gxf4 Kd6 36. Ke2 Kxd5 37. Ke3 b5 38. d4 a5 39. Kd3
Ke6 40. Kc3 Kd6 41. Kd3 Ke6 42. Kc3 Kf6 43. d5 Ke7 44. Kd3 Kd6 45. Kd4 b4 46.
axb4 axb4 47. Kc4 b3 48. Kxb3 Kxd5 49. Kc2 Ke6 50. Kd3 Kf5 51. Ke3 g6 52. hxg6
Kxg6 53. Ke4 Kf6 54. f5 h5 55. Kf4 h4 56. Kg4 1/2-1/2

[Event "Frankfurt Ch 2011"]
[Site "Ffm-Kalbach, LAZ"]
[Date "2011.05.30"]
[Round "5.6"]
[White "Rondonuwu, Grover"]
[Black "Legde, Georg"]
[Result "0-1"]
[WhiteElo "2020"]
[BlackElo "2326"]
[PlyCount "106"]
[EventDate "2011.??.??"]
[WhiteTeam "Frankfurter TV 1860"]
[BlackTeam "SK 1858 Gießen"]

1. e4 c5 2. Nf3 e6 3. d4 cxd4 4. Nxd4 a6 5. Nc3 Qc7 6. Be2 Nf6 7. O-O Nc6 8.
Kh1 Bb4 9. Qd3 Nxd4 10. Qxd4 Bc5 11. Qd3 b5 12. Bg5 Be7 13. a3 Bb7 14. Rad1 Rd8
15. f4 d6 16. Qe3 O-O 17. Bf3 h6 18. Bxf6 Bxf6 19. Rd3 Bc6 20. Rfd1 a5 21. e5
Bxf3 22. gxf3 dxe5 23. Rxd8 Rxd8 24. Rxd8+ Bxd8 25. Qxe5 b4 26. axb4 axb4 27.
Qxc7 Bxc7 28. Ne2 Kh7 29. Kg2 Kg6 30. Kg3 e5 31. c3 exf4+ 32. Kf2 bxc3 33. Nxc3
Be5 34. Na4 Kf5 35. Ke2 Ke6 36. Kd3 Kd5 37. Nb6+ Kc5 38. Nc4 Bf6 39. b3 Kd5 40.
Nb6+ Kc6 41. Nc4 Kd5 42. Nb6+ Ke6 43. Ke4 Bd8 44. Nc4 f5+ 45. Kd3 g5 46. Nd2
Ba5 47. Nf1 Kd5 48. h3 h5 49. Nh2 Be1 50. Ke2 Ba5 51. Kd3 Kc5 52. Kc2 Kd4 53.
Nf1 g4 0-1

[Event "Frankfurt Ch 2011"]
[Site "Ffm-Kalbach, LAZ"]
[Date "2011.05.30"]
[Round "5.7"]
[White "Zimmer, Gerald"]
[Black "Isserman, Ryhor"]
[Result "0-1"]
[WhiteElo "1944"]
[BlackElo "2307"]
[PlyCount "52"]
[EventDate "2011.??.??"]
[WhiteTeam "SC Bergen-Enkheim 1922"]
[BlackTeam "SK Bad Homburg 1927"]

1. d4 Nf6 2. Nf3 c5 3. dxc5 e6 4. g3 Bxc5 5. Bg2 O-O 6. O-O d5 7. Nbd2 Qc7 8.
Nb3 Bd6 9. Nfd4 a6 10. f4 b5 11. Qd3 Nbd7 12. Bd2 Bb7 13. Ba5 Qc8 14. Rac1 Ne4
15. Bxe4 dxe4 16. Qd2 Bd5 17. f5 e5 18. Nxb5 Bc5+ 19. Nxc5 Qxc5+ 20. e3 Qxb5
21. b3 Bb7 22. c4 Qc6 23. Qc3 Nc5 24. Bb4 a5 25. Bxa5 Nd3 26. Rb1 Qc5 0-1

[Event "Frankfurt Ch 2011"]
[Site "Ffm-Kalbach, LAZ"]
[Date "2011.05.30"]
[Round "5.8"]
[White "Margolin, Boris"]
[Black "Biegel, Thomas"]
[Result "1-0"]
[WhiteElo "2440"]
[BlackElo "2028"]
[PlyCount "55"]
[EventDate "2011.??.??"]
[WhiteTeam "SV Oberursel"]
[BlackTeam "SC Steinbach"]

1. e4 c6 2. d4 d5 3. f3 dxe4 4. fxe4 e5 5. Nf3 Bg4 6. Bc4 Nd7 7. c3 b5 8. Bb3
Bd6 9. O-O Ngf6 10. a4 a6 11. Bg5 O-O 12. Nbd2 Qc7 13. Qe1 Rae8 14. Qh4 Be6 15.
Bc2 Rb8 16. axb5 axb5 17. Kh1 Ra8 18. dxe5 Bxe5 19. Rxa8 Rxa8 20. Nxe5 Qxe5 21.
Nf3 Qc5 22. e5 Qc4 23. Qe1 Ne8 24. Nd4 Nf8 25. Be7 Ng6 26. Ba3 Qd5 27. Be4 Qc4
28. b3 1-0

[Event "Frankfurt Ch 2011"]
[Site "Ffm-Kalbach, LAZ"]
[Date "2011.05.30"]
[Round "5.9"]
[White "Bösch, Dirk"]
[Black "Voropaev, Gleb"]
[Result "0-1"]
[WhiteElo "2109"]
[BlackElo "2326"]
[PlyCount "120"]
[EventDate "2011.??.??"]
[WhiteTeam "SK Ebringen"]
[BlackTeam "SG Turm Idstein"]

1. d4 Nf6 2. Bg5 e6 3. Nf3 h6 4. Bh4 c5 5. e3 Qb6 6. Nbd2 cxd4 7. Nxd4 d5 8.
N2b3 Nc6 9. Be2 Ne4 10. O-O g5 11. f3 Nc5 12. Bf2 Nxb3 13. Nxb3 Qc7 14. Bg3 Qb6
15. Bf2 Bd6 16. Qe1 O-O 17. h4 Qc7 18. Rc1 Ne5 19. Nd4 Bd7 20. c4 dxc4 21. hxg5
hxg5 22. f4 Ng6 23. Rxc4 Qb6 24. Qb1 gxf4 25. exf4 Qa5 26. Bg3 Rac8 27. Rxc8
Rxc8 28. f5 Qd2 29. Bxd6 Qxd4+ 30. Rf2 exf5 31. Qd1 Qxb2 32. Ba3 Qxa3 33. Qxd7
Qc1+ 34. Bf1 f4 35. Qxb7 a5 36. Qe4 Qe3 37. Qb1 Rd8 38. Qb2 Ne5 39. Qe2 Kf8 40.
Qh5 Ng6 41. Qe2 Kg7 42. Qb2+ Kg8 43. Qb3 Rd2 44. Qxe3 fxe3 45. Re2 Rxe2 46.
Bxe2 Nf4 47. Kf1 Ne6 48. g3 Nd4 49. Bc4 Kf8 50. Ke1 f6 51. Bd5 Ke7 52. Bc4 Kd6
53. Ba6 Kc5 54. Bb7 Kb4 55. Bd5 a4 56. Bf7 a3 57. Bd5 Kc3 58. Be4 Kb2 59. Bd5
Nc2+ 60. Ke2 Nb4 0-1

[Event "Frankfurt Ch 2011"]
[Site "Ffm-Kalbach, LAZ"]
[Date "2011.05.30"]
[Round "5.10"]
[White "Rosa, Mike"]
[Black "Wornath, Kai"]
[Result "0-1"]
[WhiteElo "2114"]
[BlackElo "2408"]
[PlyCount "64"]
[EventDate "2011.??.??"]
[WhiteTeam "SC 1961 König Nied"]
[BlackTeam "TSV Schott Mainz"]

1. e4 e6 2. d4 d5 3. Nd2 c5 4. exd5 Qxd5 5. Ngf3 cxd4 6. Bc4 Qd6 7. O-O Nc6 8.
Nb3 a6 9. Nbxd4 Nxd4 10. Qxd4 Qxd4 11. Nxd4 Nf6 12. Bf4 b5 13. Be2 Bb7 14. c4
bxc4 15. Bxc4 Nd5 16. Bg3 Be7 17. Rfd1 O-O 18. Nf5 Bf6 19. Bxd5 Bxd5 20. Ne3
Be4 21. Rd2 Rfd8 22. Rad1 Rxd2 23. Rxd2 Rc8 24. f3 Bb1 25. a4 h5 26. b4 Rc3 27.
Nd1 Rc1 28. Kf2 Bc2 29. Ne3 Bxa4 30. Ra2 Bb5 31. Rc2 Rxc2+ 32. Nxc2 Be7 0-1

[Event "Frankfurt Ch 2011"]
[Site "Ffm-Kalbach, LAZ"]
[Date "2011.05.30"]
[Round "5.11"]
[White "Gohil, Harry"]
[Black "Koch, Markus"]
[Result "1-0"]
[WhiteElo "2302"]
[BlackElo "2111"]
[PlyCount "93"]
[EventDate "2011.??.??"]
[WhiteTeam "TSV Schott Mainz"]
[BlackTeam "SC Brett vor'm Kopp Ffm"]

1. d4 Nf6 2. Bg5 g6 3. Bxf6 exf6 4. e3 d5 5. Bd3 c6 6. Nd2 f5 7. Qf3 Bd6 8. Ne2
Be6 9. O-O-O b5 10. h3 Nd7 11. Kb1 Qb6 12. g4 fxg4 13. hxg4 O-O-O 14. e4 Be7
15. exd5 cxd5 16. Nf4 Qxd4 17. Nb3 Qf6 18. g5 Qxg5 19. Nxe6 fxe6 20. Qh3 Qf6
21. Rhe1 Ne5 22. Bxb5 Rd6 23. Qc3+ Nc4 24. Qxf6 Bxf6 25. Bxc4 dxc4 26. Rxd6
cxb3 27. axb3 Bh4 28. Rdxe6 Bxf2 29. Re8+ Rxe8 30. Rxe8+ Kd7 31. Rh8 g5 32.
Rxh7+ Ke6 33. Rg7 Kf6 34. Rg8 Be3 35. Re8 Bf4 36. c3 g4 37. Kc2 g3 38. Re2 Kf5
39. Kd3 Kg4 40. Ke4 Bc7 41. b4 Bd6 42. Rd2 Bf4 43. Rd1 Bc7 44. Rd7 Bf4 45. Rg7+
Bg5 46. Rxa7 g2 47. Ra1 1-0

[Event "Frankfurt Ch 2011"]
[Site "Ffm-Kalbach, LAZ"]
[Date "2011.05.30"]
[Round "5.12"]
[White "Meiser, Nicolas"]
[Black "Röschlau, Bernd"]
[Result "0-1"]
[WhiteElo "1725"]
[BlackElo "2226"]
[PlyCount "78"]
[EventDate "2011.??.??"]
[WhiteTeam "SV Lahn Limburg"]
[BlackTeam "SC Brett vor'm Kopp Ffm"]

1. d4 d5 2. Nf3 Nc6 3. e3 Bg4 4. Nbd2 e5 5. dxe5 Nxe5 6. Be2 Ng6 7. c3 Nf6 8.
Qc2 Be7 9. h3 Bd7 10. b3 a5 11. a4 O-O 12. O-O Re8 13. Re1 Bd6 14. Ba3 c5 15.
c4 Rc8 16. cxd5 Nxd5 17. Nc4 Nb4 18. Bxb4 cxb4 19. Rad1 Bb8 20. Qd3 Nf8 21. Qd5
b6 22. Ng5 Qf6 23. Ne4 Qg6 24. Ned6 Bc6 25. Ne5 Rxe5 26. Nxc8 Bxd5 27. Rxd5
Rxd5 28. Ne7+ Kh8 29. Nxg6+ hxg6 30. Rc1 Rc5 31. Rd1 Ne6 32. Bc4 Be5 33. f4 Bf6
34. g4 Rxc4 35. bxc4 Nc5 36. h4 Nxa4 37. g5 Be7 38. h5 gxh5 39. Rd7 b3 0-1

[Event "Frankfurt Ch 2011"]
[Site "Ffm-Kalbach, LAZ"]
[Date "2011.05.30"]
[Round "5.13"]
[White "Lebermann, Hellmuth"]
[Black "Schaack, Harry"]
[Result "0-1"]
[WhiteElo "2016"]
[BlackElo "2211"]
[PlyCount "44"]
[EventDate "2011.??.??"]
[WhiteTeam "SK Bad Homburg 1927"]
[BlackTeam "Sfr. Schöneck"]

1. Nf3 Nf6 2. g3 g6 3. Bg2 Bg7 4. O-O O-O 5. c4 Nc6 6. d4 a6 7. d5 Na5 8. Qd3
c5 9. Nc3 d6 10. h3 Rb8 11. e4 b5 12. Nd2 e6 13. Rb1 bxc4 14. Nxc4 exd5 15.
Nxd5 Nxd5 16. Nxa5 Nb4 17. Qa3 Be6 18. Bd2 Rb5 19. Nb3 Qb6 20. Bxb4 Rxb4 21.
Rfd1 Rb8 22. Bf1 c4 0-1

[Event "Frankfurt Ch 2011"]
[Site "Ffm-Kalbach, LAZ"]
[Date "2011.05.30"]
[Round "5.14"]
[White "Schmitt, Hans Walter"]
[Black "Haftmann, Rainer"]
[Result "1-0"]
[WhiteElo "2130"]
[BlackElo "1920"]
[PlyCount "113"]
[EventDate "2011.??.??"]
[WhiteTeam "Chess Tigers Schach-Förderverein"]
[BlackTeam "SG 1945 Dietzenbach"]

1. Nf3 d5 2. b3 Nf6 3. Bb2 e6 4. e3 Be7 5. Be2 O-O 6. O-O Nbd7 7. d3 b6 8. Nbd2
Bb7 9. Rc1 c5 10. c4 Re8 11. Rc2 h6 12. Qa1 Qc7 13. Rfc1 Rad8 14. d4 Qb8 15.
cxd5 exd5 16. Ne5 Nxe5 17. dxe5 Ne4 18. Nxe4 dxe4 19. e6 f6 20. b4 Bd5 21. Bh5
Rf8 22. Bf7+ Rxf7 23. exf7+ Bxf7 24. bxc5 Bxc5 25. Rd1 Rd3 26. Rcd2 Qd6 27. Bd4
Bxd4 28. Rxd3 exd3 29. exd4 Qa3 30. Rd2 b5 31. Qb2 Qxb2 32. Rxb2 Bc4 33. f3 Kf7
34. Kf2 Ke6 35. Ke3 Kd5 36. a3 f5 37. f4 g5 38. g3 a5 39. Rb1 a4 40. Rb2 g4 41.
Rb1 h5 42. Rb2 Kd6 43. h3 Kd5 44. hxg4 hxg4 45. Rh2 b4 46. axb4 a3 47. Rh5 Ke6
48. Rh7 a2 49. Ra7 Kd5 50. Ra5+ Kc6 51. Kd2 Kb6 52. Kc3 Kc6 53. Kb2 Kb6 54. d5
Kb7 55. d6 Be6 56. Ra3 Bc4 57. d7 1-0

[Event "Frankfurt Ch 2011"]
[Site "Ffm-Kalbach, LAZ"]
[Date "2011.05.30"]
[Round "5.15"]
[White "Czech, Ludwig"]
[Black "Fröhlich-Dill, Astrid"]
[Result "1/2-1/2"]
[WhiteElo "2137"]
[BlackElo "1919"]
[PlyCount "82"]
[EventDate "2011.??.??"]
[WhiteTeam "VSG 1880 Offenbach"]
[BlackTeam "SV 1920 Hofheim"]

1. c4 Nf6 2. g3 e5 3. Bg2 c6 4. e4 d5 5. exd5 cxd5 6. Nc3 d4 7. Ne4 Nxe4 8.
Bxe4 f5 9. Bg2 d3 10. Nh3 Nc6 11. O-O Bd6 12. f4 e4 13. b3 Qf6 14. Rb1 O-O 15.
Kh1 Bc5 16. Bb2 Bd4 17. Ba3 Re8 18. Qc1 a5 19. Bb2 Bd7 20. Nf2 Bxb2 21. Qxb2
Nd4 22. Nd1 Bc6 23. Ne3 Rad8 24. a3 Nc2 25. Nxc2 Qxb2 26. Rxb2 dxc2 27. Rxc2
Rd3 28. b4 Ba4 29. Rb2 Rxa3 30. bxa5 Bc6 31. d4 exd3 32. Bxc6 bxc6 33. Rd1 Re4
34. Rbd2 Rxc4 35. Rxd3 Rxd3 36. Rxd3 Ra4 37. Rc3 Rxa5 38. Rxc6 h6 39. Rc2 Kf7
40. Kg2 Rd5 41. Kh3 Rd6 1/2-1/2

[Event "Frankfurt Ch 2011"]
[Site "Ffm-Kalbach, LAZ"]
[Date "2011.05.30"]
[Round "5.16"]
[White "Kolker, Vladislav"]
[Black "Mager, Denis"]
[Result "0-1"]
[WhiteElo "2104"]
[BlackElo "1732"]
[PlyCount "84"]
[EventDate "2011.??.??"]
[WhiteTeam "Sfr.1891 Friedberg"]
[BlackTeam "TuS Makkabi Ffm"]

1. e4 c5 2. Nf3 Nc6 3. d4 cxd4 4. Nxd4 Nf6 5. Nc3 e5 6. Ndb5 d6 7. Bg5 a6 8.
Na3 b5 9. Nd5 Be7 10. Bxf6 Bxf6 11. c4 b4 12. Nc2 a5 13. Be2 O-O 14. b3 Bg5 15.
Bg4 Be6 16. O-O Bxd5 17. Qxd5 Ne7 18. Qd3 Qc7 19. a3 bxa3 20. Nxa3 Rfd8 21. Nb5
Qc5 22. Rfd1 Ra6 23. g3 Nc6 24. Kg2 Nb4 25. Qe2 a4 26. h4 Be7 27. Rxa4 Rxa4 28.
bxa4 Nc6 29. Qc2 Na5 30. Be2 Rc8 31. Qc3 Qb6 32. Rc1 Nb7 33. f3 Nc5 34. a5 Qa6
35. Ra1 Nb7 36. Kh3 Bd8 37. Qd2 Bxa5 38. Nxd6 Rd8 39. c5 Bxd2 40. Rxa6 Nxc5 41.
Bc4 Nxa6 42. Nxf7 Ra8 0-1

[Event "Frankfurt Ch 2011"]
[Site "Ffm-Kalbach, LAZ"]
[Date "2011.05.30"]
[Round "5.17"]
[White "Krüger, Till"]
[Black "Kuban, Günther"]
[Result "0-1"]
[WhiteElo "2063"]
[BlackElo "2205"]
[PlyCount "54"]
[EventDate "2011.??.??"]
[WhiteTeam "SC Nidderau"]
[BlackTeam "SV Oberursel"]

1. e4 e5 2. Bc4 Nf6 3. d3 c6 4. Nf3 d5 5. Bb3 Bg4 6. h3 Bh5 7. g4 dxe4 8. gxh5
exf3 9. Qxf3 Nbd7 10. Rg1 e4 11. dxe4 Ne5 12. Qf5 Qd4 13. Nc3 g6 14. Qf4 Nxh5
15. Ne2 Qc5 16. Qe3 O-O-O 17. Kf1 Qa5 18. Nd4 c5 19. Nf3 Bh6 20. Ng5 Rd1+ 21.
Kg2 Rxg1+ 22. Kxg1 Bxg5 23. Qe2 Qd8 24. Bd5 Bxc1 25. Rxc1 Qg5+ 26. Kh2 Qf4+ 27.
Kg2 Qxc1 0-1

[Event "Frankfurt Ch 2011"]
[Site "Ffm-Kalbach, LAZ"]
[Date "2011.05.30"]
[Round "5.18"]
[White "Ostermeier, Thorsten"]
[Black "Göbel, Andreas"]
[Result "1/2-1/2"]
[WhiteElo "1936"]
[BlackElo "2032"]
[PlyCount "160"]
[EventDate "2011.??.??"]
[WhiteTeam "Sfr. Frankfurt 1921"]
[BlackTeam "SC Brett vor'm Kopp Ffm"]

1. d4 e6 2. Nf3 f5 3. e3 Nf6 4. Bd3 Be7 5. Nbd2 d5 6. Ne5 O-O 7. O-O Nbd7 8. f4
c5 9. c3 Nxe5 10. fxe5 Ne4 11. Nxe4 fxe4 12. Be2 Bd7 13. Bg4 Qb6 14. a4 Rxf1+
15. Qxf1 Rf8 16. Qd1 c4 17. Qe1 Qd8 18. Bd1 a6 19. b3 cxb3 20. Bxb3 b5 21. Ba3
Bxa3 22. Rxa3 Qe8 23. Qd1 Qf7 24. Qe1 Qe8 25. Qd1 bxa4 26. Bxa4 Bb5 27. Bxb5
Qxb5 28. Ra2 Qc4 29. Rc2 Qb3 30. h3 a5 31. Qe2 a4 32. c4 dxc4 33. Rxc4 a3 34.
Rc2 Rb8 35. Kh2 Ra8 36. Rc7 Qb8 37. Rc2 Qb7 38. Qc4 Qa6 39. Qxa6 Rxa6 40. Ra2
Kf7 41. Kg3 Ke7 42. Kf4 Kd7 43. Kxe4 Kc6 44. Kd3 Kb5 45. Kc3 Ka4 46. d5 Ra5 47.
d6 Rc5+ 48. Kd4 Rc1 49. Rd2 Kb3 50. d7 a2 51. d8=Q a1=Q+ 52. Ke4 Rc4+ 53. Rd4
Qb1+ 54. Kf3 Qf5+ 55. Rf4 Qh5+ 56. Kg3 Qg6+ 57. Kh2 Rxf4 58. exf4 h5 59. Qd4
Qf5 60. Kg3 Kc2 61. Kf3 Qf7 62. Ke3 Kb3 63. g4 hxg4 64. hxg4 Ka3 65. f5 exf5
66. gxf5 Qh5 67. Qa7+ Kb4 68. Qxg7 Qxf5 69. Qb7+ Kc5 70. Qc7+ Kd5 71. Qd6+ Kc4
72. Qd4+ Kb5 73. Qd5+ Kb6 74. Qd6+ Kb7 75. e6 Qh3+ 76. Ke4 Qg4+ 77. Kd5 Qf3+
78. Ke5 Qg3+ 79. Kd5 Qd3+ 80. Kc5 Qa3+ 1/2-1/2

[Event "Frankfurt Ch 2011"]
[Site "Ffm-Kalbach, LAZ"]
[Date "2011.05.30"]
[Round "5.19"]
[White "Haasler, Andreas"]
[Black "Kreiling, Carsten"]
[Result "1-0"]
[WhiteElo "2234"]
[BlackElo "2129"]
[PlyCount "51"]
[EventDate "2011.??.??"]
[WhiteTeam "Sfr.Heidesheim"]
[BlackTeam "SVG Eppstein 1932"]

1. Nf3 Nf6 2. c4 c5 3. g3 b6 4. Bg2 Bb7 5. O-O g6 6. Nc3 Bg7 7. d4 cxd4 8. Qxd4
O-O 9. Qh4 d6 10. Bh6 Nbd7 11. Rfd1 Rc8 12. Nd5 Bxh6 13. Qxh6 Rxc4 14. Ng5 Bxd5
15. Bxd5 Rc8 16. Rd4 e6 17. Bb3 Qe7 18. Rh4 Rc5 19. Nxh7 Nh5 20. Nxf8 Nxf8 21.
Rc1 Nd7 22. Bd1 Qf6 23. b4 Rxc1 24. Qxc1 Ne5 25. Qh6 d5 26. Rxh5 {ZÜ} 1-0

[Event "Frankfurt Ch 2011"]
[Site "Ffm-Kalbach, LAZ"]
[Date "2011.05.30"]
[Round "5.20"]
[White "Kayser, Felix"]
[Black "Reschke, Thomas"]
[Result "1-0"]
[WhiteElo "2190"]
[BlackElo "2198"]
[PlyCount "89"]
[EventDate "2011.??.??"]
[WhiteTeam "BSG Rheinpark"]
[BlackTeam "SC Frankfurt-West"]

1. e4 g6 2. d4 Bg7 3. Nc3 d6 4. h3 Nd7 5. Nf3 a6 6. a4 b6 7. Bd3 h6 8. Qe2 e6
9. Bd2 Bb7 10. Nd1 Ne7 11. c4 e5 12. dxe5 dxe5 13. a5 O-O 14. axb6 cxb6 15. Bb4
Nc5 16. Bc2 Nc6 17. Bxc5 bxc5 18. Nc3 Nd4 19. Nxd4 exd4 20. Na4 Qc7 21. O-O
Rfe8 22. f4 Rxe4 23. Bxe4 Re8 24. Rae1 Rxe4 25. Qg4 Rxe1 26. Rxe1 Qc6 27. b3 d3
28. Kh2 Qd6 29. Qg3 f5 30. Qe3 Bd4 31. Qe8+ Kh7 32. Qf7+ Bg7 33. Qxb7 Qxf4+ 34.
Kh1 d2 35. Rd1 Qg3 36. Qf3 Qe1+ 37. Qf1 Qe3 38. Qg1 Qxb3 39. Nxc5 Qc2 40. Ne6
Be5 41. Qa7+ Kg8 42. Qa8+ Kf7 43. Nd8+ Ke7 44. Nc6+ Kd6 45. Rxd2+ 1-0

[Event "Frankfurt Ch 2011"]
[Site "Ffm-Kalbach, LAZ"]
[Date "2011.05.30"]
[Round "5.21"]
[White "Minor, Samuel"]
[Black "Marzahn, Heiko"]
[Result "1-0"]
[WhiteElo "2175"]
[BlackElo "1984"]
[PlyCount "75"]
[EventDate "2011.??.??"]
[WhiteTeam "Wiesbadener SV 1885"]
[BlackTeam "Sfr.Erbach"]

1. e4 c5 2. Nf3 Nc6 3. Nc3 e5 4. Bc4 d6 5. d3 Be7 6. Nd2 Nf6 7. Nf1 Bg4 8. f3
Bh5 9. Ne3 Nd4 10. O-O O-O 11. Ncd5 Nxd5 12. Bxd5 Rb8 13. c3 Ne6 14. Nf5 b5 15.
Kh1 Rb6 16. Nxe7+ Qxe7 17. b4 Nc7 18. Bb3 cxb4 19. cxb4 d5 20. exd5 Qxb4 21.
Be3 Rd6 22. Rc1 Na6 23. Bxa7 f6 24. d4 exd4 25. Qxd4 Qxd4 26. Bxd4 Bf7 27. Bc5
Nxc5 28. Rxc5 Rb8 29. Kg1 Kf8 30. Kf2 Be8 31. Ke3 Bd7 32. Kd4 Re8 33. Rf2 Re5
34. Rcc2 Re8 35. Rfe2 Ra8 36. Rc7 Ra5 37. Kc5 Raa6 38. Re3 1-0

[Event "Frankfurt Ch 2011"]
[Site "Ffm-Kalbach, LAZ"]
[Date "2011.05.30"]
[Round "5.22"]
[White "Henrich, Thomas"]
[Black "Rutsatz, Mario"]
[Result "1-0"]
[WhiteElo "2224"]
[BlackElo "1900"]
[PlyCount "47"]
[EventDate "2011.??.??"]
[WhiteTeam "SK 1858 Gießen"]
[BlackTeam "vereinslos"]

1. e4 c5 2. Nf3 Nc6 3. d4 cxd4 4. Nxd4 d6 5. Nc3 Nf6 6. Bc4 e6 7. Be3 Be7 8.
Qe2 a6 9. O-O-O Qc7 10. Bb3 O-O 11. g4 Nxd4 12. Rxd4 e5 13. Rc4 Qd8 14. g5 Ng4
15. Rg1 Nxe3 16. Qxe3 b5 17. Rc6 Bb7 18. Rb6 Qc7 19. g6 hxg6 20. Rxg6 d5 21.
Nxd5 Bxd5 22. Bxd5 Rac8 23. Rxg7+ Kxg7 24. Qh6+ 1-0

[Event "Frankfurt Ch 2011"]
[Site "Ffm-Kalbach, LAZ"]
[Date "2011.05.30"]
[Round "5.23"]
[White "Perlitz, Sven"]
[Black "Chandler, Patrick"]
[Result "0-1"]
[WhiteElo "2094"]
[BlackElo "2220"]
[PlyCount "126"]
[EventDate "2011.??.??"]
[WhiteTeam "SC 1961 König Nied"]
[BlackTeam "Sfr. Neuberg"]

1. e4 d5 2. exd5 Qxd5 3. Nc3 Qd6 4. d4 Nf6 5. Nf3 Bg4 6. h3 Bxf3 7. Qxf3 c6 8.
Qf4 e6 9. Bd3 Nbd7 10. O-O Qxf4 11. Bxf4 Be7 12. Ne4 Nxe4 13. Bxe4 O-O 14. c3
Nf6 15. Bc2 Nd5 16. Be5 Rfd8 17. Rfd1 Bd6 18. Bxd6 Rxd6 19. g3 Rad8 20. Kf1 Kf8
21. Ke2 h6 22. h4 b6 23. Rd3 Nf6 24. Rad1 Ke7 25. f4 Rc8 26. Kf3 c5 27. dxc5
Rxd3+ 28. Rxd3 bxc5 29. Rd2 Nd5 30. f5 Nb6 31. Re2 Kf6 32. fxe6 fxe6 33. Bb3 c4
34. Bc2 Rc5 35. Be4 Na4 36. Bb7 Ra5 37. Bc6 Nc5 38. a3 Nd3 39. Be4 Ne5+ 40. Ke3
Rc5 41. Kd4 Nd7 42. Rf2+ Ke7 43. Bg2 e5+ 44. Ke3 Nf6 45. Rd2 g5 46. hxg5 hxg5
47. Be4 Ke6 48. Kf3 Rc8 49. Bb7 Rc7 50. Be4 Rf7 51. Bg6 Rf8 52. g4 e4+ 53. Kg3
Ke5 54. Bf5 Rb8 55. Bg6 Rh8 56. Bf7 Rh4 57. Bxc4 Rxg4+ 58. Kh3 e3 59. Rd5+ Kf4
60. Rd4+ Kf3 61. Rxg4 Nxg4 62. b4 Ne5 63. Bb5 Kf2 0-1

[Event "Frankfurt Ch 2011"]
[Site "Ffm-Kalbach, LAZ"]
[Date "2011.05.30"]
[Round "5.24"]
[White "Meyer, Kai-Christian"]
[Black "Stock, Jürgen"]
[Result "1/2-1/2"]
[WhiteElo "2170"]
[BlackElo "1948"]
[PlyCount "75"]
[EventDate "2011.??.??"]
[WhiteTeam "Sfr. Schöneck"]
[BlackTeam "SC Eschborn 1974"]

1. d4 e6 2. g3 d5 3. Bg2 f5 4. Nh3 Bd6 5. c4 c6 6. O-O Nf6 7. Qc2 O-O 8. Nf4
Qe8 9. Nd3 Nbd7 10. Bf4 Bxf4 11. gxf4 Qh5 12. cxd5 exd5 13. Ne5 Ng4 14. h3 Rf6
15. hxg4 fxg4 16. Qb3 Rh6 17. Qg3 Nf6 18. Nc3 Qf5 19. f3 gxf3 20. Bxf3 Rh3 21.
Qg5 Qc2 22. Rac1 Qd2 23. Rfd1 Qe3+ 24. Kg2 h6 25. Qg6 Qxf4 26. Qf7+ Kh7 27.
Qg6+ Kh8 28. Rh1 Bf5 29. Rcg1 Ng4 30. Rxh3 Qxd4 31. Qxf5 Ne3+ 32. Kh1 Nxf5 33.
Nf7+ Kh7 34. Bh5 Ne7 35. Ng5+ Kh8 36. Nf7+ Kh7 37. Ng5+ Kh8 38. Nf7+ 1/2-1/2

[Event "Frankfurt Ch 2011"]
[Site "Ffm-Kalbach, LAZ"]
[Date "2011.05.30"]
[Round "5.26"]
[White "Benninger, Rudolf"]
[Black "Larem, Peter"]
[Result "1-0"]
[WhiteElo "2154"]
[BlackElo "1919"]
[PlyCount "65"]
[EventDate "2011.??.??"]
[WhiteTeam "SC Heusenstamm"]
[BlackTeam "SG Rödermark/Eppertshausen"]

1. e4 e5 2. Bc4 Nf6 3. d3 Nc6 4. Nf3 Bc5 5. O-O d6 6. c3 a6 7. Bb3 Bg4 8. Re1
O-O 9. h3 Bh5 10. Nbd2 Kh8 11. Nf1 h6 12. g4 Qd7 13. gxh5 Qxh3 14. Be3 Nxh5 15.
N3h2 g5 16. Qg4 Nf4 17. Bxc5 dxc5 18. Re3 Qxg4+ 19. Nxg4 Kg7 20. Rg3 Ne2+ 21.
Kg2 Nxg3 22. Nxg3 Kg6 23. Rh1 Rh8 24. Nf5 h5 25. Nge3 Rad8 26. Nd5 Rd7 27. Bd1
h4 28. Bg4 f6 29. Nxh4+ Rxh4 30. Rxh4 Rxd5 31. Bf5+ Kg7 32. Rh7+ Kg8 33. exd5
1-0